000 00704cam a2200229 a 4500
001 2581480
005 20180213084216.0
008 960919s1997 nyua b 001 0 eng
010 _a 96043971
020 _a0471160784 (cloth : acidfree paper)
040 _aDLC
_cDLC
_dDLC
041 _aeng
080 _a658.022 WIL
082 0 0 _a658.022 WIL
_220
100 1 _a54
101 _aMAN
245 1 4 _aThe portable MBA in entrepreneurship /
_cWilliam D. Bygrave.
504 _aIncludes bibliographical references (p. 489-494) and index.
906 _a7
_bcbc
_corignew
_d1
_eocip
_f19
_gy-gencatlg
942 _2ddc
_cBK
999 _c42418
_d42418